El cultivo de pimientos, chiles y ajies
Gespeichert in:
| Hauptverfasser: | , , |
|---|---|
| Format: | Buch |
| Sprache: | Spanisch |
| Veröffentlicht: |
Madrid
Mundi-Prensa
1996
|
| Ausgabe: | 2a. ed |
| Schlagworte: | |
| Tags: |
Tag hinzufügen
Keine Tags, Fügen Sie den ersten Tag hinzu!
|
MARC
| LEADER | 00000cam a2200000 a 4500 | ||
|---|---|---|---|
| 001 | UCR5143 | ||
| 003 | CL-VaPUC | ||
| 005 | 20241112120512.0 | ||
| 008 | 980320e19960000SP |||||||||||||||||spa|d | ||
| 999 | |c 267867 |d 267865 | ||
| 020 | |a 8471146096 | ||
| 040 | |c Pontificia Universidad Católica de Valparaíso | ||
| 082 | 0 | 4 | |a 635.643 |b NUE |2 21 |
| 100 | |a Nuez Viñals, Fernando |e autor |9 405919 | ||
| 245 | 1 | 3 | |a El cultivo de pimientos, chiles y ajies |
| 250 | |a 2a. ed | ||
| 260 | |a Madrid |b Mundi-Prensa |c 1996 | ||
| 300 | |a 607 p | ||
| 583 | |a last modification |c 20150113 01:06:40 |k Rodrigo Vera | ||
| 650 | 0 | |a Pimiento |9 876272 |x Cultivo | |
| 650 | 0 | |a Ají |9 404773 |x Cultivo | |
| 650 | 0 | |a Morfología vegetal |9 261628 | |
| 650 | 0 | |a Manejo de cultivos |9 893597 | |
| 650 | 0 | |a Enfermedades de las plantas |9 259687 | |
| 700 | |a Gil Ortega, Ramiro |e author |9 405920 | ||
| 700 | 0 | |a Costa García, Joaquín |e author |9 405921 | |
| 942 | |c BK |2 ddc | ||
| 945 | |d 19980320 00:00:00 |a rleighto | ||
| 952 | |0 0 |1 0 |4 0 |6 635_643000000000000_NUE_1996 |7 0 |8 A |9 300630 |a BIBAGR |b BIBAGR |d 2019-11-20 |i 3405249 |l 3 |o 635.643 NUE 1996 |p 3405249 |r 2025-01-20 |s 2024-05-28 |w 2019-11-20 |y BK |k AGR | ||
| 952 | |0 0 |1 0 |3 erd |4 0 |6 635_643000000000000_NUE_1996 |7 0 |8 A |9 300633 |a BIBAGR |b BIBAGR |i 5504325 |o 635.643 NUE 1996 |p 5504325 |r 2025-01-20 |w 2019-11-20 |y BK |z Catalogado en:20180927 |k AGR | ||